header

Narcissus in chains (Record no. 256713)

MARC details
000 -LEADER
fixed length control field 00346nam a22001457a 4500
003 - CONTROL NUMBER IDENTIFIER
control field OSt
005 - DATE AND TIME OF LATEST TRANSACTION
control field 20180220105851.0
008 - FIXED-LENGTH DATA ELEMENTS--GENERAL INFORMATION
fixed length control field 180220b xxu||||| |||| 00| 0 eng d
020 ## - INTERNATIONAL STANDARD BOOK NUMBER
International Standard Book Number 978-0-515-13387-5
040 ## - CATALOGING SOURCE
Transcribing agency N/a
100 ## - MAIN ENTRY--PERSONAL NAME
Personal name Laurell k..Hamilton
245 ## - TITLE STATEMENT
Title Narcissus in chains
260 ## - PUBLICATION, DISTRIBUTION, ETC. (IMPRINT)
Place of publication, distribution, etc USA
Name of publisher, distributor, etc Penguin group
Date of publication, distribution, etc 2001
942 ## - ADDED ENTRY ELEMENTS (KOHA)
Source of classification or shelving scheme Library of Congress Classification
Koha item type Long Loan Books
Holdings
Withdrawn status Lost status Source of classification or shelving scheme Damaged status Not for loan Home library Current library Date acquired Total Checkouts Full call number Barcode Date last seen Date checked out Price effective from Koha item type
    Library of Congress Classification     Rongo University Library Rongo University Library 20/02/2018 1 PS3558.A44N372001 20169147 20/02/2020 07/02/2020 20/02/2018 Long Loan Books

© 2026 Rongo University
Contact us: librarian | system librarian | Rongo university